Visualizzazione normale
Vista MARC
- Cesarini Cesare
di Personal Name
Records bibliografici associati: 1
001 - CONTROL NUMBER
- control field: 6838
003 - CONTROL NUMBER IDENTIFIER
- control field: IT-RoPau
005 - DATE AND TIME OF LATEST TRANSACTION
- control field: 20131231155811.0
008 - FIXED-LENGTH DATA ELEMENTS
- fixed length control field: 131231|| aca||aabn | a|a d
040 ## - CATALOGING SOURCE
- Original cataloging agency: IT-RoPau
- Transcribing agency: IT-RoPau
100 ## - HEADING--PERSONAL NAME
- Personal name: Cesarini Cesare
- Dates associated with a name: Codice autore testo/musica SPICS: 13620
- Relator term: Autore testo/musica
- Name of part/section of a work: Firenze sogna
670 ## - SOURCE DATA FOUND
- Source citation: Work cat.: (IT-RoPau)99740: AA.VV. 794, Trent'anni dopo (Lp Cbs Dbr 69202)